| 000 | 00498nam a22001575i 4500 | ||
|---|---|---|---|
| 001 | 168609 | ||
| 003 | ES-MaACL | ||
| 005 | 20230906213831.0 | ||
| 008 | 080423s1969 sp |||| | spa d | ||
| 100 | 1 |
_aMacDonald, John D. _9137688 |
|
| 245 | 1 | 3 |
_aLa superviviente / _cpor John D. MacDonald ; [traducción de Mercedes A. Carrera]. |
| 260 |
_aBarcelona : _bPlaza & Janés, _c[1969] |
||
| 300 |
_a540 p. ; _c20 cm. |
||
| 700 | 1 |
_aCarrera, Mercedes A. _935632 |
|
| 852 |
_aES-MaACL _jC-37029 _9R.70402 |
||
| 999 |
_c168609 _d168609 |
||